Anlayış nedir ve nasıl anlayışlı olunur? / (Record no. 15541)

MARC details
000 -BAŞLIK
Sabit Uzunlukta Kontrol Alanı 00819nam a22002657a 4500
999 ## - SİSTEM KONTROL NUMARALARI (KOHA)
Koha Biblionumber 15541
Koha Biblioitemnumber 15541
003 - KONTROL NUMARASI IDENTIFIER
Denetim Alanı MIRAKIL
005 - SON İŞLEM TARİHİ VE ZAMANI
Denetim Alanı 20240301133837.0
008 - SABİT-BOY VERİ ELEMANLARI - GENEL BİLGİLER
Sabit Uzunlukta Kontrol Alanı 240301b tu ||||| |||| 00| 0 tur d
020 ## - ULUSLARARASI STANDART KİTAP NUMARASI
Uluslararası Standart Kitap Numarası 9786257725217
040 ## - KATALOGLAMA KAYNAK
Orijinal Kataloglama Ajansı TR-AnCHP
Metne Dönüştürmek Ajansı TR-AnCHP
041 ## - DİL KODU
Metin / Ses Parça Veya Ayrı Başlığın Dil Kodu tur
082 ## - DEWEY ONLU SINIFLANDIRMA NUMARASI
Sınıflandırma Numarası 158.2
Ürün Numarası M25a 2022
090 ## - SINIFLAMA NUMARASI
Sınıflama Numarası 158.2 M25a 2022
100 ## - ANA GİRİŞ - KİŞİSEL İSİM
Kişisel Ad Manaf, Akif
245 10 - BAŞLIK TABLOSU
Başlık Anlayış nedir ve nasıl anlayışlı olunur? /
Sorumluluk Tablosu, Vb Akif Manaf
250 ## - EDITION TABLOSU
Baskı Beyanı 2. bs.
260 ## - YAYIN, DAĞITIM, VB
Yayın, Dağıtım, Vb Yeri İstanbul :
Yayıncı, Dağıtıcı, Vs Adı Az Kitap,
Yayın, Dağıtım, Vb Tarihi 2022.
300 ## - FİZİKSEL TANIM
Kapsam 192 sayfa ;
Boyutlar 21 cm.
490 0# - SERİSİ TABLOSU
Seri Beyanı Az Kitap ;
Hacim / Ardışık Tanımı 448.
490 0# - SERİSİ TABLOSU
Seri Beyanı Bireysel gelişim ;
Hacim / Ardışık Tanımı 78.
490 0# - SERİSİ TABLOSU
Seri Beyanı Spiritüel söyleşiler ve felsefe serisi ;
Hacim / Ardışık Tanımı 72.
650 #0 - KONU KATMA GİRİŞ - TOPİKAL DÖNEM
9 (RLIN) 6253
Topikal Süreli Veya Coğrafi Ad Giriş Elemanı Kişisel gelişim
856 ## - ELEKTRONİK YER VE ERİŞİM
Kamu Notu Dijital Nüshası için Partimizin Kütüphane Sorumlusu ile iletişime geçiniz.
942 ## - EKLENDİ GİRİŞ ELEMANLARI (KOHA)
Sınıflandırma Veya Raf Düzeni Kaynak Dewey Decimal Classification
Koha Öğesi Türü Books
Holdings
Kalıcı Konum Mevcut Konum Edinme Tarihi Toplam Check-Out'Lar Tam Çağrı Numarası Barkod Tarih Son Görülme İtibaren Geçerli Fiyatlar Koha Öğesi Türü
CHP Kütüphanesi CHP Kütüphanesi 03/01/2024   158.2 M25a 2022 21417 03/01/2024 03/01/2024 Books